|
|
|
|
| LEADER |
00000cam a2200000 a 4500 |
| 001 |
vtls001063782 |
| 003 |
SK-MaSNL |
| 005 |
20260302091539.0 |
| 008 |
240226s1990 xo odl frf 000 0 slo |
| 015 |
|
|
|a SNBA1991/03
|
| 020 |
|
|
|a 8005007795
|q (viazané)
|
| 035 |
|
|
|a SNK000006611
|
| 035 |
|
|
|a 21EBAF5B-DBA2-43CC-9237-0B621DC94DF7
|
| 035 |
|
|
|a urn:nbn:sk:snk-am00ibcj
|
| 035 |
|
|
|a 85244FAD-727F-4408-8705-D4ACC47C954F
|
| 035 |
|
|
|a urn:nbn:sk:snk-am00ihn4
|
| 040 |
|
|
|a SNK
|b slo
|c SNK
|e AACR2
|
| 041 |
0 |
|
|a slo
|
| 044 |
|
|
|a xo
|c SK
|
| 072 |
|
7 |
|a 621.38
|x Elektronika
|2 konspekt
|
| 080 |
|
|
|a 621.3.049+621.38:689
|2 1997
|
| 080 |
|
|
|a 621.38
|2 1997
|
| 080 |
|
|
|a 689
|2 1997
|
| 080 |
|
|
|a 621.3.049
|2 1997
|
| 080 |
|
|
|a 621.38
|2 2011
|
| 080 |
|
|
|a (035)
|2 2011
|
| 080 |
|
|
|a 621.38.011.7
|2 2001
|
| 100 |
1 |
|
|a Arendáš, Miroslav
|4 aut
|9 369378
|
| 245 |
1 |
0 |
|a Elektronické zapojenia pre amatérov
|n 1
|c Miroslav Arendáš, Milan Ručka
|
| 250 |
|
|
|a 1. vyd.
|
| 260 |
|
|
|a Bratislava
|b Alfa
|c 1990
|e Bratislava
|f Svornosť
|
| 300 |
|
|
|a 262 strán
|b fotografie, schémy, tabuľky
|c 21 cm
|e voľná príloha (2 zložené listy)
|
| 366 |
|
|
|e 17000 výtl.
|
| 490 |
1 |
|
|a Edícia elektrotechnickej literatúry
|
| 650 |
0 |
7 |
|a elektronika
|2 SNKPH
|9 3618
|
| 650 |
0 |
7 |
|a elektronické obvody
|2 SNKPH
|9 67741
|
| 655 |
|
7 |
|a príručky
|2 SNKPH
|9 74364
|
| 700 |
1 |
|
|a Ručka, Milan
|4 aut
|9 369379
|
| 830 |
|
0 |
|a Edícia elektrotechnickej literatúry
|9 270875
|
| 852 |
|
|
|a Slovenská národná knižnica
|
| 919 |
|
|
|a 80-05-00779-5
|
| 954 |
|
|
|a odborná, vedecká literatúra pôvodná (slovenská)
|2 lita
|
| 958 |
|
|
|a TL
|
| 958 |
|
|
|a OND
|
| 958 |
|
|
|a EUIPO
|
| 999 |
|
|
|c 1201113
|d 1203043
|
| 952 |
|
|
|a SNK
|b SNK
|y VYP
|7 0
|p 17A0027574
|o snkSC 78928/1 D1
|i snkKSP 1619/91
|3 Dokument obsahuje prílohu: ; voľné listy- schémy 5 ks (xerokópia)
|0 0
|1 0
|4 0
|d 1997-01-13
|l 0
|r 2004-12-31 00:00:00
|w 2026-02-24
|
| 952 |
|
|
|a SNK
|b SNK
|y VYP
|7 0
|p 17A1345518
|o snkSC 78928/1/príl. D1
|i snkKSP 1619/91
|z Príloha: voľné listy- schémy 5 ks ; (xerokópia)
|0 0
|1 0
|4 0
|d 2022-10-27
|l 0
|r 2026-02-24 22:41:58
|w 2026-02-24
|
| 952 |
|
|
|a SNK
|b SNK
|y PREZ
|7 0
|p 17A0966885
|o snkSC 78928/1
|i snkKSP 1618/91
|3 Dokument obsahuje voľnú prílohu ; (schémy - 2 zložené listy)
|0 0
|1 0
|4 0
|d 2012-08-09
|f 1
|l 0
|r 2026-02-24 22:41:58
|w 2026-02-24
|
| 952 |
|
|
|a SNK
|b SNK
|y PREZ
|7 0
|p 17A0966888
|o snkSC 78928/1/príl.
|i snkKSP 1618/91
|z Voľná príloha (schémy - 2 zložené listy)
|0 0
|1 0
|4 0
|d 2012-08-09
|f 1
|l 0
|r 2026-02-24 22:41:58
|w 2026-02-24
|